000 00747nam a2200253 a 4500
001 15234
003 BD-RjUL
005 20241219103313.0
008 140209r19631939nyua 000 0 eng
035 _a(BD-RjUL)15288
035 _a(OCoLC)6495632
040 _aDLC
_cMoRM
_dMoRM
_dOCoLC
_dDLC
_dBD-RjUL
_beng
041 _aeng
082 _a657.2
_bSHB 1963
100 1 _aSheff, Alexander L.
_947365
245 1 0 _aBookkeeping made easy /
_cAlexander L. Sheff
250 _aDolphin books edition
260 _aGarden City, N.Y. :
_bDoubleday,
_cc1939 [printing 1952,1955, 1958, 1960,1963 ].
300 _ax, 310 p. :
_bill. ;
_c21 cm.
650 0 _aBookkeeping.
_922559
942 _2ddc
_cBK
999 _c15234
_d15234